| 000 | 01206nam a2200277 a 4500 | ||
|---|---|---|---|
| 001 | 001189440 | ||
| 003 | AM-YeHGA | ||
| 005 | 20250617162304.0 | ||
| 008 | 161115s1946 un a||||r|||||000|0|rus|d | ||
| 040 | _aAM-YeHGA | ||
| 041 | 0 | _arus | |
| 100 | 1 | _aКульский, Леонид Адольфович | |
| 245 | 1 | 0 |
_aЭлектрокатадиновая серебряная вода / _cЛ.А. Кульский; [Отв. ред. Ф.Я. Примак]; АН Укр. ССР, Бюро науч. проп. |
| 260 |
_aКиев : _bИзд-во АН УССР, _c1946. |
||
| 300 |
_a32 с. : _bил. ; _c20 см. |
||
| 650 | 1 | 4 | _aМедицина |
| 650 | 1 | 4 | _aФармакотерапия |
| 650 | 1 | 4 | _aОтдельные лекарственные средства и их свойства |
| 650 | 1 | 4 | _aНаружные средства |
| 653 | 0 | _aВода - Обработка серебром | |
| 653 | 0 | _aСеребро - Бактерицидные свойства | |
| 653 | 0 | _aСеребряная вода, электрокатадиновая | |
| 700 | 1 |
_aПримак, Ф.Я. _eред. _4edt |
|
| 710 | 2 | _aБюро научной пропаганды АН УССР | |
| 090 | _c490083 | ||
| 999 |
_c486714 _d486714 |
||